000 00285nam a22001337a 4500
008 210430b ||||| |||| 00| 0 eng d
041 _aeng
080 _a616
082 _a616
100 _a9
101 _aPAT
245 _aThe Pathology of the Heart
_cOlsen,E.G
942 _2udc
_cBK
999 _c57058
_d57058